Library Banner

Yahoodi protocols = یہودی پروٹوکولز / (Record no. 113580)

MARC details
000 -LEADER
fixed length control field 00556nam a22001457a 4500
005 - DATE AND TIME OF LATEST TRANSACTION
control field 20190903092240.0
008 - FIXED-LENGTH DATA ELEMENTS--GENERAL INFORMATION
fixed length control field 190820b ||||| |||| 00| 0 eng d
040 ## - CATALOGING SOURCE
Transcribing agency PK-LaUMT
082 ## - DEWEY DECIMAL CLASSIFICATION NUMBER
Classification number 305.8924
Item number MAR-Y
100 ## - MAIN ENTRY--PERSONAL NAME
Personal name Marsdon, Victory = مارسٖڈن، وکٹرای
245 ## - TITLE STATEMENT
Title Yahoodi protocols = یہودی پروٹوکولز /
Statement of responsibility, etc by Victory Marsdon; translated by Muhammad Yahya Khan = از وکٹرای مارسڈن؛ مترجم محمد یحی خان
260 ## - PUBLICATION, DISTRIBUTION, ETC. (IMPRINT)
Place of publication, distribution, etc Lahore :
Name of publisher, distributor, etc Nigarshat Publishers,
Date of publication, distribution, etc 2019
300 ## - PHYSICAL DESCRIPTION
Extent 230 + 106 p.
942 ## - ADDED ENTRY ELEMENTS (KOHA)
Koha item type Books
Holdings
Withdrawn status Lost status Damaged status Home library Current library Date acquired Full call number Barcode Date last seen Price effective from Koha item type
      UMT Main Campus UMT Main Campus 2019-08-28 305.8924 MAR-Y 131133 2020-01-10 2019-08-28 Books